00435nam a22001577a 450000500170000001000150001702000260003203500130005803700130007108200170008410000220010124500580012326000340018127000420021530000200025720140826143322.0 aENG-110607 a9788184302264c300.00 aEN-94139 bDBAD/PUB a368.38200954 aPatukale, Kshitij aMediclaim and health insurance /cby Kshitij Patukale aNew DelhibOcean Books c2013 a4/19 Asaf Ali RoadbNew Delhie110002 a222p.c22cm(Hb)